[Event "Alcorcon Diagonal op 2nd"]
[Site "Alcorcon"]
[Date "2023.12.26"]
[Round "2"]
[White "Martinez Fernandez, Raul"]
[Black "Vinas Blasco, Jorge"]
[Result "1-0"]
[WhiteElo "2212"]
[BlackElo "1909"]
[PlyCount "51"]
[EventDate "2023.12.26"]
[EventType "swiss"]
[EventRounds "9"]
[EventCountry "ESP"]
[SourceTitle "CB01_2024"]
[SourceDate "2024.01.03"]
[SourceVersion "1"]
[SourceVersionDate "2024.01.03"]
[SourceQuality "1"]

1. e4 e6 2. d4 d5 3. Nc3 Nf6 4. e5 Nfd7 5. f4 c5 6. Nf3 Nc6 7. Be3 cxd4 8. Nxd4 Qb6 9. Qd2 Qxb2 10. Rb1 Qa3 11. Bb5 Nxd4 12. Bxd4 a6 13. Bxd7+ Bxd7 14. Rb3 Qe7 15. Rxb7 Qd8 16. 0-0 Qc8 17. Rb3 Bc5 18. f5 exf5 19. Nxd5 Bb5 20. Rc3 Bxd4+ 21. Qxd4 Qd7 22. Rc7 Qe6 23. Re7+ Qxe7 24. Nxe7 Bxf1 25. Nxf5 Bb5 26. Qd6 1-0

[Event "Alcorcon Diagonal op 2nd"]
[Site "Alcorcon"]
[Date "2023.12.26"]
[Round "1"]
[White "Vinas Blasco, Jorge"]
[Black "Quiros Florea, Rafael Santiago"]
[Result "1-0"]
[WhiteElo "1909"]
[BlackElo "1253"]
[PlyCount "41"]
[EventDate "2023.12.26"]
[EventType "swiss"]
[EventRounds "9"]
[EventCountry "ESP"]
[SourceTitle "CB01_2024"]
[SourceDate "2024.01.03"]
[SourceVersion "1"]
[SourceVersionDate "2024.01.03"]
[SourceQuality "1"]

1. e4 c5 2. Nf3 e6 3. d4 cxd4 4. Nxd4 a6 5. Nc3 Qc7 6. g3 b5 7. Bg2 Bb7 8. 0-0 d6 9. a4 e5 10. Nf5 b4 11. Nd5 Bxd5 12. Qxd5 Qc6 13. Rd1 Kd7 14. Qxf7+ Ne7 15. Rxd6+ Qxd6 16. Nxd6 Kxd6 17. Bg5 Nd7 18. Rd1+ Kc7 19. Bxe7 Bxe7 20. Qxe7 Rhd8 21. Bh3 1-0

[Event "Madrid San Viator op-B 31st"]
[Site "Madrid"]
[Date "2019.11.17"]
[Round "9"]
[White "Vinas Blasco, Jorge"]
[Black "Perez Sempere, Alberto"]
[Result "0-1"]
[WhiteElo "1497"]
[BlackElo "1719"]
[PlyCount "68"]
[EventDate "2019.09.08"]
[EventType "swiss"]
[EventRounds "9"]
[EventCountry "ESP"]
[SourceTitle "EXT 2022"]
[Source "ChessBase"]
[SourceDate "2021.10.06"]
[SourceVersion "1"]
[SourceVersionDate "2021.10.06"]
[SourceQuality "1"]

1. e4 c5 2. Nf3 Nc6 3. d4 cxd4 4. Nxd4 g6 5. c4 Bg7 6. Nc2 Nf6 7. Nc3 d6 8. Be2 Bd7 9. Be3 0-0 10. 0-0 Rc8 11. b3 b6 12. f4 Ng4 13. Bd2 Nd4 14. h3 Nxe2+ 15. Qxe2 Nf6 16. g4 Bc6 17. Rad1 Qc7 18. Nd5 Qb7 19. Ncb4 e6 20. Nxc6 Rxc6 21. Nxf6+ Bxf6 22. Bb4 Rd8 23. g5 Be7 24. h4 Qc7 25. a4 Re8 26. h5 d5 27. exd5 exd5 28. cxd5 Bc5+ 29. Bxc5 Rxe2 30. dxc6 bxc5 31. Rd7 Qxc6 32. Rd8+ Re8 33. Rfd1 gxh5 34. R1d6 Qe4 0-1